000 00673nam a2200157 a 4500
001 000043975
005 20201002045056.0
008 140512s1998 sp ac 000 0 spa d
040 _aDO-SdBNP
_bspa
_cBNPHU
111 2 _aVerano musical
_d(1998
_cSegovia)
_971925
245 1 0 _aXXIII Festival Internacional, XXIX Semanas de Cámara, III Festival Joven, III Conciertos entre Dos Luces].
260 _aSegovia :
_bFundación Don Juan de Borbón,
_c1998.
300 _a395 p. :
_bil., retrs. ;
_c24 cm.
505 0 _aXXIII
_tFestival Internacional,
_gXXIX
_tSemanas de Cámara,
_gIII
_tFestival Joven,
_gIII
_tConciertos entre Dos Luces
710 2 _aFundación Don Juan de Borbón,
_971926
999 _c43464
_d43464